|
|
|
|
| LEADER |
01320nam a22003017a 4500 |
| 001 |
38189 |
| 003 |
BD-DhAAL |
| 008 |
221219t1994 nyuabf b 001 0beng d |
| 999 |
|
|
|c 45229
|d 45229
|
| 020 |
|
|
|a 0701140186
|
| 020 |
|
|
|a 9780701163495
|
| 040 |
|
|
|a DLC
|c DLC
|d DLC
|d BD-DhAAL
|
| 041 |
1 |
|
|a eng
|
| 043 |
|
|
|a a-cc---
|
| 050 |
0 |
0 |
|a DS778.M3
|b L5164 1994
|
| 082 |
0 |
0 |
|a 951.05
|2 20
|
| 100 |
1 |
|
|a Li, Zhisui,
|d 1919-
|9 53057
|
| 245 |
1 |
4 |
|a The private life of Chairman Mao :
|b the memoirs of Mao's personal physician /
|c Dr. Li Zhisui ; translated by Professor Tai Hung-chao ; with the editorial assistance of Anne F. Thurston ; foreword by Andrew J. Nathan.
|
| 260 |
|
|
|a London :
|b Chatto & Windus,
|c c1994.
|
| 300 |
|
|
|a xxii, 682 pages, [16] pages of plates :
|b illustrations, maps ;
|c 25 cm.
|
| 504 |
|
|
|a Includes bibliographical references and index.
|
| 541 |
|
|
|a Donated By Akbar Ali Khan
|e 38189
|
| 600 |
1 |
0 |
|a Mao, Zedong,
|d 1893-1976.
|9 53058
|
| 650 |
|
0 |
|a Heads of state
|z China
|v Biography.
|9 53059
|
| 700 |
1 |
|
|a Thurston, Anne F.
|9 53060
|
| 852 |
|
|
|a Ayesha Abed Library
|c Akbar Ali Khan Collection
|
| 942 |
|
|
|2 ddc
|c BK
|
| 952 |
|
|
|0 0
|1 0
|2 ddc
|4 0
|6 951_050000000000000_LI
|7 1
|9 72540
|a BRACUL
|b BRACUL
|c AAKC
|d 2022-12-19
|e Donated by Akbar Ali Khan
|g 1275.00
|l 1
|o 951.05 LI
|p 3010038189
|r 2025-09-05
|s 2025-09-05
|t 1
|w 2022-12-19
|y BK
|x £9.99
|